000 00533nam a2200217Ia 4500
008 210210b2007 xxu||||| |||| 00| 0 eng d
020 _a8171413714
041 _aeng
082 _a374 SINN
100 _aSINGH (U K)
245 _aNon-formal and continuing education
260 _aNew Delhi
_bDiscovery Publishing House
_c2007
300 _aviii,249
650 _aNon-formal
650 _aeducation
650 _acontinuing
650 _aand
690 _aAdult Education
700 _aSUDARSHAN (K N)
906 _a062880
999 _c130441
_d130441